|
|
|
|
| LEADER |
00000nab a2200000 a 4500 |
| 001 |
vtls000236706 |
| 003 |
SK-MaSNL |
| 005 |
20260302210528.0 |
| 008 |
040806c1986 xo 0 slo |
| 015 |
|
|
|a SNBRB19rr/mm-uuuuu
|
| 035 |
|
|
|a CL0246820
|
| 040 |
|
|
|a SNKBUCL
|b slo
|c SNKBUCL
|e AACR2
|
| 041 |
0 |
|
|a slo
|
| 044 |
|
|
|a xo
|c SK
|
| 080 |
|
|
|a 78.071.1
|2 1981
|
| 080 |
|
|
|a 378.124
|2 1981
|
| 080 |
|
|
|a 929 Očenáš, Andrej
|2 1981
|
| 100 |
1 |
|
|a Palovčík, Michal,
|d 1921-2002
|4 aut
|9 105075
|
| 245 |
1 |
0 |
|a Na poctu jubilantovi
|c Michal Palovčík
|
| 600 |
1 |
7 |
|a Očenáš, Andrej,
|d 1911-1995
|2 snkbucl
|9 117385
|
| 655 |
|
7 |
|a profily
|2 snkbucl
|9 341977
|
| 655 |
|
7 |
|a články z novín a časopisov
|2 snkbucl
|9 267496
|
| 773 |
0 |
|
|t Pravda
|g Roč. 67, č. 18 (22. 1. 1986), s. 5
|
| 850 |
|
|
|a Slovenská národná knižnica v Martine
|a MTA001
|
| 852 |
|
|
|a SNK
|b KIS3GCP
|
| 999 |
|
|
|c 1483045
|d 1484975
|